000 00726nam a2200205Ii 4500
003 JO-AjNU
008 230605s9999||||xx |||||||||||||| ||und||
017 _a1980/620
040 _aJO-AjNU
_bara
_erda
_cJO-AjNU
041 _aara
050 1 4 _aLB1555.D9712 1979
100 3 _aديرون،ر.ف مؤلف/أحمد،سعد مرسي م.مشارك/قريطم،محمد أنور م.مشارك,
_eauthor
_919693
245 0 0 _aفلسفة التعليم الإبتدائي
264 3 1 _aالقاهرة:عالم الكتب،1979
300 _a224ص
336 _atext
_btxt
_2rdacontent
337 _aunmediated
_bn
_2rdamedia
338 _avolume
_bnc
_2rdacarrier
650 4 _aالتعليم الابتدائي-فلسفة
_919694
999 _aA6543
_c10111
_d10111